Kepada sahabat

Bibliographic Details
Main Author: Salmiah Islam
Format: Book
Published: Kuala Lumpur : DBP , 1993
Subjects:

MARC

LEADER 00000cam a2200000 7i4500
001 0000003142
002 000003398
005 20000330.0
020 |a 9836235132 
090 0 0 |a 899.2313   |b SAL 
100 0 |a Salmiah Islam 
245 1 0 |a Kepada sahabat   |c Salmiah Islam 
260 |a Kuala Lumpur :   |b DBP ,   |c 1993 
300 |a 56p. ;   |c 21cm. 
650 0 0 |a Malay poetry 
999 |a 036732   |b BUKU   |c PINJAMAN   |e PERPUSTAKAAN KOMUNITI PETALING JAYA